| 000 | 00873nam a2200289 i 4500 | ||
|---|---|---|---|
| 001 | bg | ||
| 003 | BPK | ||
| 005 | 20190719115234.0 | ||
| 008 | 990305s1998 pl a f f |000 0 pol | ||
| 015 | _aPB 1999/2836 | ||
| 020 | _a8385912754 | ||
| 040 |
_aWA N _cBPK |
||
| 041 | 0 | _apol | |
| 080 | _a528 | ||
| 080 | _a(075.8) | ||
| 100 | 1 | _aZąbek, Jerzy. | |
| 245 | 1 | 0 |
_aGeodezja I / _cJerzy Ząbek. |
| 250 | _aWyd. 4. | ||
| 260 |
_aWarszawa : _bOficyna Wydawnicza Politechniki Warszawskiej, _c1998. |
||
| 300 |
_a267, [1] s. : _brys., wykr. ; _c24 cm. |
||
| 504 | _aBibliogr. s. [268]. | ||
| 650 | 4 | _aGeodezja | |
| 655 | 4 | _aPodręczniki akademickie | |
| 710 | 2 |
_aPolitechnika Warszawska. _bOficyna Wydawnicza. _4pbl. |
|
| 856 |
_uhttp://koha.tu.koszalin.pl/cgi-bin/koha/opac-detail.pl?biblionumber=39619 _yKatalog online BPK |
||
| 942 |
_2UKD _cKS |
||
| 999 |
_c39619 _d39619 |
||